[Event "Autumn 2020"]
[Site "SchemingMind.com"]
[Date "2020.11.01"]
[Round "-"]
[White "Shanks"]
[Black "Phillip Beckett"]
[Result "0-1"]
[WhiteCountry "ENG"]
[BlackCountry "ENG"]
[WhiteElo "1124"]
[WhiteRD "60"]
[BlackElo "1502"]
[BlackRD "53"]
[GameID "461564"]

1. d4 Nf6 2. c4 e5 3. dxe5 Ng4 4. Nf3 Nc6 5. a3 Ngxe5 6. Nfd2 d5 7. cxd5 Qxd5 8. Nc3 Qe6 9. e4 Bd7 10. Nd5 Bd6
11. Rb1 Ne7 12. Nf4 Qf6 13. b4 O-O 14. g3 N7g6 15. Nh5 Qe7 16. Bg2 Nd3+ 17. Kf1 Bb5 18. Kg1 Nxc1 19. Rxc1 Ne5 20. Nf4 Nd3
21. Nxd3 Bxd3 22. Nb3 Bxe4 23. f3 Bg6 24. Nd4 Rad8 25. Nb5 Bxg3 26. Qf1 Qe3+ 27. Qf2 Qxf2#
0-1

[Event "Autumn 2020"]
[Site "SchemingMind.com"]
[Date "2020.10.30"]
[Round "-"]
[White "Phillip Beckett"]
[Black "Chessibelle"]
[Result "1-0"]
[WhiteCountry "ENG"]
[BlackCountry "ENG"]
[WhiteElo "1502"]
[WhiteRD "53"]
[BlackElo "1123"]
[BlackRD "60"]
[GameID "461580"]

1. d4 Nf6 2. c4 e5 3. dxe5 Ng8 4. Nf3 Nc6 5. Bg5 Nge7 6. Nd4 h6 7. Nxc6 bxc6 8. Bxe7 Qxe7 9. f4 g6 10. e4 Qb4+
11. Qd2 Qb6 12. Nc3 Bb4 13. O-O-O Rb8 14. Qc2 O-O 15. f5 g5 16. a3 Bc5 17. Na4 Be3+ 18. Kb1 Bf4 19. e6 dxe6 20. Nxb6 Rxb6
21. fxe6 Bxe6 22. g3 Bd6 23. c5 Rb7 24. cxd6 Rd8 25. dxc7 Rc8 26. Rd8+
1-0

[Event "Autumn 2020"]
[Site "SchemingMind.com"]
[Date "2020.11.01"]
[Round "-"]
[White "Shanks"]
[Black "Chessibelle"]
[Result "0-1"]
[WhiteCountry "ENG"]
[BlackCountry "ENG"]
[WhiteElo "1124"]
[WhiteRD "60"]
[BlackElo "1123"]
[BlackRD "60"]
[GameID "461581"]

1. d4 Nf6 2. c4 e5 3. dxe5 Ng8 4. Nf3 Nc6 5. a3 d6 6. exd6 Bxd6 7. e3 Nf6 8. Nc3 O-O 9. Be2 Be6 10. O-O Re8
11. Nd4 Ne5 12. Nxe6 fxe6 13. b4 c6 14. c5 Bc7 15. Qc2 g6 16. Nb1 b6 17. cxb6 Bxb6 18. Kh1 Bc7 19. Nd2 Qd6 20. Bb2 Neg4
21. g3 Kf7 22. Nf3 Qf8 23. Ng5+ Kg7 24. Qxc6 Bb6 25. Bxg4 Kh6 26. Bh3 Kxg5 27. f4+ Kh6 28. Qc1 Kg7 29. Bg2 Rad8 30. Be5 Kg8
31. Qb2 Rd7 32. Bxf6 Rf7 33. b5 Bxe3 34. Bc6 Rc8 35. Bg2 Rxf6 36. Qe2 Bb6
0-1

[Event "Autumn 2020"]
[Site "SchemingMind.com"]
[Date "2020.11.10"]
[Round "-"]
[White "Chessibelle"]
[Black "Kenny Elliott"]
[Result "0-1"]
[WhiteCountry "ENG"]
[BlackCountry "USA"]
[WhiteElo "1123"]
[WhiteRD "60"]
[BlackElo "1534"]
[BlackRD "61"]
[GameID "461882"]

1. d4 Nf6 2. c4 e5 3. dxe5 Bb4+ 4. Nd2 Ng4 5. g3 Nxe5 6. Qb3 Nbc6 7. a3 Bc5 8. e3 d6 9. Ne2 O-O 10. Nf4 Bg4
11. h3 Nf3+ 12. Kd1 Nfd4+
0-1

[Event "Autumn 2020"]
[Site "SchemingMind.com"]
[Date "2020.11.10"]
[Round "-"]
[White "Kenny Elliott"]
[Black "Phillip Beckett"]
[Result "1-0"]
[WhiteCountry "USA"]
[BlackCountry "ENG"]
[WhiteElo "1534"]
[WhiteRD "61"]
[BlackElo "1502"]
[BlackRD "53"]
[GameID "461883"]

1. d4 Nf6 2. c4 e5 3. dxe5 Ng4 4. Nf3 Nc6 5. Bg5 Be7 6. Bxe7 Qxe7 7. Nc3 Ngxe5 8. Nxe5 Nxe5 9. Nd5 Qd8 10. e4 c6
11. Qh5 Ng6 12. Ne3 O-O 13. g3 b5 14. cxb5 Qa5+ 15. Kd1 cxb5 16. Qxb5 Qxb5 17. Bxb5 Bb7 18. f3 Ne5 19. Be2 Rac8 20. Ke1 Rfd8
21. Kf2 d5 22. exd5 Bxd5 23. Nxd5 Rxd5 24. Rhd1 Rxd1 25. Rxd1 Kf8 26. Rd5 Ng6 27. Ra5 Rc2 28. b3 Rc7 29. b4 Ne7 30. Ra6 Nc8
31. Bd3 Nb6 32. Bxh7 g6 33. a4 Kg7 34. Bxg6 fxg6 35. a5 Nc4 36. h4 Na3 37. g4 Nc2 38. b5 Nd4 39. b6 axb6 40. axb6 Rf7
41. Ra7 Nc6 42. Rxf7+ Kxf7 43. Kg3 Ke7 44. Kf4 Kd7 45. Kg5 Ne7 46. b7 Kc7 47. Kf6
1-0

[Event "Autumn 2020"]
[Site "SchemingMind.com"]
[Date "2020.11.11"]
[Round "-"]
[White "Kenny Elliott"]
[Black "Daniel Dubé"]
[Result "0-1"]
[WhiteCountry "USA"]
[BlackCountry "CAN"]
[WhiteElo "1562"]
[WhiteRD "54"]
[BlackElo "1637"]
[BlackRD "70"]
[GameID "461908"]

1. d4 Nf6 2. c4 e5 3. dxe5 Ng4 4. Bg5 Qxg5 5. Nf3 Qe7 6. Nc3 Nxe5 7. Nd5 Nxf3+ 8. gxf3 Qd8 9. Bg2 c6 10. Nc3 Be7
11. O-O O-O 12. f4 Bf6 13. Qc2 Bxc3 14. Qxc3 Qf6 15. Qxf6 gxf6 16. Rad1 Na6 17. Bh3 d5 18. Bxc8 Raxc8 19. cxd5 cxd5 20. Rxd5 Rfd8
21. Rb5 Rc7 22. Kh1 Rd2 23. Rg1+ Kf8 24. Rh5 Rxe2 25. Rxh7 Rxf2 26. Rh8+ Ke7 27. Re1+ Kd7 28. Rd1+ Kc6 29. Rc1+ Kb6 30. Rxc7 Nxc7
31. Kg1 Rxb2 32. h4 Ne6 33. f5 Ng7 34. h5 Nxh5 35. Rxh5 Rxa2 36. Rh6 a5 37. Rxf6+ Kc5 38. Rxf7 b5 39. f6 b4 40. Rf8 Kd6
41. Re8 Ra3 42. f7 Rf3 43. f8=Q+ Rxf8 44. Rxf8 Kc5 45. Rf4 b3 46. Ra4 Kb5 47. Ra1 a4 48. Kf1 Kb4 49. Ke1 b2 50. Rb1 a3
51. Kd1 Kb3
0-1

[Event "Autumn 2020"]
[Site "SchemingMind.com"]
[Date "2020.11.12"]
[Round "-"]
[White "Daniel Dubé"]
[Black "Phillip Beckett"]
[Result "1-0"]
[WhiteCountry "CAN"]
[BlackCountry "ENG"]
[WhiteElo "1705"]
[WhiteRD "86"]
[BlackElo "1451"]
[BlackRD "50"]
[GameID "461909"]

1. d4 Nf6 2. c4 e5 3. dxe5 Ng4 4. e3 Nxe5 5. f4 Ng6 6. a3 Be7 7. Bd3 d6 8. Nf3 O-O 9. O-O Nc6 10. Nc3 Bf6
11. Ne4 Be7 12. Bd2 Bg4 13. Be2 Bf5 14. Ng3 Bd7 15. e4 a6 16. Qc2 Bh4 17. Nxh4 Nxh4 18. Rad1 Nd4 19. Qd3 Nxe2+ 20. Qxe2 Qc8
21. f5 g6 22. f6 Bg4 23. Qe3 Kh8 24. Qh6 Rg8 25. Qxh4 h5 26. Qg5 Qf8 27. h3 Be6 28. Nxh5 gxh5 29. Qxh5+
1-0

[Event "Autumn 2020"]
[Site "SchemingMind.com"]
[Date "2020.11.11"]
[Round "-"]
[White "Chessibelle"]
[Black "Daniel Dubé"]
[Result "0-1"]
[WhiteCountry "ENG"]
[BlackCountry "CAN"]
[WhiteElo "1133"]
[WhiteRD "61"]
[BlackElo "1705"]
[BlackRD "86"]
[GameID "461911"]

1. d4 Nf6 2. c4 e5 3. dxe5 Ng4 4. Qd4 d6 5. Qe4 dxe5 6. Nf3 Be7 7. Nxe5 Nxe5 8. Qxe5 O-O 9. b3 Bf6 10. Qe4 Bxa1
11. e3 Re8 12. Qf3 Nc6 13. Be2 Qf6 14. Nd2 Qxf3 15. Nxf3 Bc3+ 16. Bd2 Bxd2+ 17. Nxd2 Bf5 18. g4 Bg6 19. h3 Rad8 20. Nf3 Be4
21. Rg1 Bxf3 22. Bxf3 Rd6 23. Be2 Rde6 24. Rg3 Nd4 25. exd4 Rxe2+ 26. Kf1 Rxa2 27. h4 Ree2 28. Rf3 Kf8 29. d5 b5 30. c5 Red2
31. g5 a5 32. Kg2 a4 33. b4 Rxf2+ 34. Rxf2 Rxf2+ 35. Kxf2 a3
0-1

[Event "Autumn 2020"]
[Site "SchemingMind.com"]
[Date "2020.11.13"]
[Round "-"]
[White "Kenny Elliott"]
[Black "Goz"]
[Result "0-1"]
[WhiteCountry "USA"]
[BlackCountry "ENG"]
[WhiteElo "1574"]
[WhiteRD "60"]
[BlackElo "1519"]
[BlackRD "65"]
[GameID "461938"]

1. d4 Nf6 2. c4 e5 3. dxe5 Ng4 4. Nf3 d6 5. exd6 cxd6 6. Nc3 Qb6 7. Nd5 Qxf2+ 8. Kd2 Qc5 9. e4 Nf2 10. Qe2 Nxh1
11. b3 Be6 12. Nc3 Be7 13. Kc2 O-O 14. Be3 Qc8 15. g3 Nc6 16. a3 f5 17. exf5 Bxf5+ 18. Kb2 Bf6 19. Rd1 Bxc3+ 20. Kxc3 Qe6
21. Nd4 Nxd4 22. Rxd4 Rac8 23. Bg2 Nxg3 24. Qd2 Ne4+ 25. Bxe4 Bxe4 26. Rxd6 Qe5+ 27. Rd4 b5 28. Bf4 Qe6 29. Bg3 Rf3+ 30. Kb4 a6
31. Rd8+ Rxd8 32. Qxd8+ Kf7 33. Qc7+ Qe7+ 34. Qxe7+ Kxe7 35. cxb5 axb5 36. Kxb5 Rxb3+ 37. Ka4 Bc2
0-1

[Event "Autumn 2020"]
[Site "SchemingMind.com"]
[Date "2020.11.13"]
[Round "-"]
[White "Goz"]
[Black "Phillip Beckett"]
[Result "1-0"]
[WhiteCountry "ENG"]
[BlackCountry "ENG"]
[WhiteElo "1519"]
[WhiteRD "65"]
[BlackElo "1451"]
[BlackRD "50"]
[GameID "461939"]

1. d4 Nf6 2. c4 e5 3. dxe5 Ng4 4. Bf4 Qe7 5. Nf3 Qb4+ 6. Qd2 Qxd2+ 7. Nbxd2 Nc6 8. h3 Nh6 9. Bxh6 gxh6 10. e3 Bb4
11. a3 Bxd2+ 12. Nxd2 Nxe5 13. Be2 d6 14. b3 Bf5 15. e4 Bg6 16. O-O O-O 17. f4 Nd7 18. f5 Bxf5 19. exf5 Ne5 20. f6 Rae8
21. Bf3 Nd3 22. Bxb7 Re2 23. Nf3 Nf4 24. Rf2 Rfe8 25. Nd4 Rxf2 26. Kxf2 Nd3+ 27. Kg1 Rb8 28. Be4 Nc5 29. Nc6 Rxb3 30. Ne7+ Kf8
31. Bd5 Ne6 32. a4 Re3 33. Rb1 Ke8 34. Rb8+ Kd7 35. Rh8 Re5 36. Rxh7
1-0

[Event "Autumn 2020"]
[Site "SchemingMind.com"]
[Date "2020.11.12"]
[Round "-"]
[White "Goz"]
[Black "Shanks"]
[Result "1-0"]
[WhiteCountry "ENG"]
[BlackCountry "ENG"]
[WhiteElo "1519"]
[WhiteRD "65"]
[BlackElo "1082"]
[BlackRD "64"]
[GameID "461940"]

1. d4 Nf6 2. c4 e5 3. dxe5 Bb4+ 4. Bd2 Bxd2+ 5. Nxd2 Ng8 6. Ngf3 Nc6 7. a3 d6 8. exd6 cxd6 9. e3 Be6 10. b3 h6
11. Be2 Nf6 12. O-O
1-0

[Event "Autumn 2020"]
[Site "SchemingMind.com"]
[Date "2020.11.12"]
[Round "-"]
[White "Chessibelle"]
[Black "Goz"]
[Result "0-1"]
[WhiteCountry "ENG"]
[BlackCountry "ENG"]
[WhiteElo "1123"]
[WhiteRD "60"]
[BlackElo "1489"]
[BlackRD "68"]
[GameID "461941"]

1. d4 Nf6 2. c4 e5 3. dxe5 Ng4 4. e3 Nxe5 5. Nd2 Bb4 6. a3 Bxd2+ 7. Bxd2 O-O 8. Bc3 d6 9. g3 Be6 10. b3 Nbc6
11. Nf3 Rb8 12. Be2 b6 13. Qd2 Bh3 14. O-O-O Ng4 15. Rhg1 Nxf2 16. Rde1 Ne4 17. Qd3 Nc5 18. Qd2 Nxb3+
0-1

[Event "Autumn 2020"]
[Site "SchemingMind.com"]
[Date "2020.11.12"]
[Round "-"]
[White "Goz"]
[Black "Daniel Dubé"]
[Result "1/2-1/2"]
[WhiteCountry "ENG"]
[BlackCountry "CAN"]
[WhiteElo "1521"]
[WhiteRD "66"]
[BlackElo "1637"]
[BlackRD "70"]
[GameID "461942"]

1. d4 Nf6 2. c4 e5 3. dxe5 Ng4 4. Bf4 Qe7 5. Nf3 Nc6 6. e3 Ngxe5 7. b3 Nxf3+ 8. gxf3 d6 9. a3 Bf5 10. e4 Qf6
11. Ra2 Bxe4 12. fxe4 O-O-O 13. Qg4+ Kb8 14. Bg5 Qg6 15. Qf5 Qxf5 16. exf5 f6 17. Be3 Ne5 18. Be2 h5 19. h3 d5 20. Nd2 dxc4
21. Nxc4 Nxc4 22. bxc4 Bd6 23. f4 Rhe8 24. Bf2 Bxf4 25. Rg1 Re7 26. Bg3 Be3 27. Rg2 Bg5 28. Kf1 h4 29. Bh2 Rde8 30. Bg4 Re1+
31. Kf2 Rc1 32. Be2 Be3+ 33. Kf3 Bc5 34. Kg4 Re4+ 35. Kh5 Rc3 36. Rxg7 b6 37. Bxc7+ Kc8 38. Bg4 Re8 39. a4 Rxc4 40. a5 b5
41. Rd2 Bf8 42. Rf7 Rxc7 43. Rxf6 Rh7+ 44. Kg6 Rg7+ 45. Kh5 Rh7+ 46. Kg6 Rg7+=
1/2-1/2

[Event "Autumn 2020"]
[Site "SchemingMind.com"]
[Date "2020.11.14"]
[Round "-"]
[White "Shanks"]
[Black "Brerrabbit"]
[Result "0-1"]
[WhiteCountry "ENG"]
[BlackCountry "SCO"]
[WhiteElo "1124"]
[WhiteRD "60"]
[BlackElo "1563"]
[BlackRD "154"]
[GameID "461979"]

1. d4 Nf6 2. c4 e5 3. dxe5 Ng4 4. Nf3 Nc6 5. a3 d6 6. exd6 Bxd6 7. h3 Nf6 8. Nc3 a6 9. e4 O-O 10. Bd3 Re8
11. Be3 Ne5 12. Nxe5 Bxe5 13. O-O b6 14. Qc2 Qd7 15. f4 Bd4 16. Bxd4 Qxd4+ 17. Kh1 Nh5 18. Ne2 Qd7 19. f5 Qd6
0-1

[Event "Autumn 2020"]
[Site "SchemingMind.com"]
[Date "2020.11.14"]
[Round "-"]
[White "Brerrabbit"]
[Black "Chessibelle"]
[Result "1-0"]
[WhiteCountry "SCO"]
[BlackCountry "ENG"]
[WhiteElo "1563"]
[WhiteRD "154"]
[BlackElo "1123"]
[BlackRD "60"]
[GameID "461980"]

1. d4 Nf6 2. c4 e5 3. dxe5 Ne4 4. a3 Nc5 5. b4 Ne6 6. Nf3 c5 7. g3 g6 8. Bg2 Nc6 9. O-O Be7 10. Bb2 b6
11. Nc3 d6 12. Nd5 Bf8 13. Qd2 Bg7 14. exd6 Qxd6 15. Nf6+ Ke7 16. Nd5+ Kf8 17. Rad1 Rg8 18. Rfe1 Qd8 19. h4 h5 20. Ng5 Qe8
21. Nh7#
1-0

[Event "Autumn 2020"]
[Site "SchemingMind.com"]
[Date "2020.11.14"]
[Round "-"]
[White "Brerrabbit"]
[Black "Kenny Elliott"]
[Result "1-0"]
[WhiteCountry "SCO"]
[BlackCountry "USA"]
[WhiteElo "1563"]
[WhiteRD "154"]
[BlackElo "1534"]
[BlackRD "61"]
[GameID "461982"]

1. d4 Nf6 2. c4 e5 3. dxe5 Ne4 4. a3 Bc5 5. Nh3 O-O 6. Qd5 Bxf2+ 7. Nxf2 Nxf2 8. Kxf2 Qh4+ 9. g3 Qg4 10. h3 Qf5+
11. Ke1 Nc6 12. g4 Qc2 13. Nc3 b6 14. Bg2 Bb7 15. Be4 Qb3 16. Bd3 Rab8 17. Qe4 g6 18. Bc2 Na5 19. Qd3 Qxc4 20. Rf1 Qxd3
21. Bxd3 Nb3 22. Rb1 Bg2 23. Rf2 Bxh3 24. Rf4 Bg2 25. Be4 Bxe4 26. Rxe4 Nc5 27. Rd4 c6 28. b4 Ne6 29. Rxd7 Ra8 30. Bh6 Rfe8
31. Ne4 Ng7 32. Rbd1 a5 33. Nf6+ Kh8 34. Nxe8 Nxe8 35. Rd8
1-0

[Event "Autumn 2020"]
[Site "SchemingMind.com"]
[Date "2020.11.14"]
[Round "-"]
[White "Phillip Beckett"]
[Black "Brerrabbit"]
[Result "0-1"]
[WhiteCountry "ENG"]
[BlackCountry "SCO"]
[WhiteElo "1502"]
[WhiteRD "53"]
[BlackElo "1563"]
[BlackRD "154"]
[GameID "461983"]

1. d4 Nf6 2. c4 e5 3. dxe5 Ng4 4. Bg5 Be7 5. Bxe7 Qxe7 6. Nf3 Nc6 7. h3 Ngxe5 8. Nxe5 Nxe5 9. e3 b6 10. Nd2 Bb7
11. Qe2 Ba6 12. b3 g5 13. Nf3 O-O-O 14. Nxe5 Qxe5 15. Qd3 Qxa1+
0-1

[Event "Autumn 2020"]
[Site "SchemingMind.com"]
[Date "2020.11.14"]
[Round "-"]
[White "Brerrabbit"]
[Black "Goz"]
[Result "0-1"]
[WhiteCountry "SCO"]
[BlackCountry "ENG"]
[WhiteElo "1349"]
[WhiteRD "94"]
[BlackElo "1519"]
[BlackRD "65"]
[GameID "461984"]

1. d4 Nf6 2. c4 e5 3. dxe5 Ng4 4. Bf4 Nc6 5. Nf3 Bc5 6. e3 d6 7. h3 Ngxe5 8. Nbd2 O-O 9. Ne4 Bb4+ 10. Nfd2 Bf5
11. f3 Nxc4 12. Nc3 Nxb2 13. Qb3 Nd3+ 14. Bxd3 Bxd3 15. Nd5 Bxd2+ 16. Kxd2 Ba6 17. Qb2 Na5 18. Qc3 Nc4+ 19. Ke1 b5 20. Nb4 Bb7
21. h4 f6 22. h5 a5 23. h6 axb4 24. Qd3 g6 25. Bg5 fxg5 26. Rh5 gxh5
0-1

[Event "Autumn 2020"]
[Site "SchemingMind.com"]
[Date "2020.11.29"]
[Round "-"]
[White "maro"]
[Black "Kenny Elliott"]
[Result "1-0"]
[WhiteCountry "MEX"]
[BlackCountry "USA"]
[WhiteElo "1487"]
[WhiteRD "60"]
[BlackElo "1574"]
[BlackRD "60"]
[GameID "462533"]

1. d4 Nf6 2. c4 e5 3. dxe5 Ne4 4. Nf3 Bc5 5. e3 Nc6 6. a3 a5 7. Bd3 Ng5 8. O-O Nxf3+ 9. Qxf3 O-O 10. Nc3 Nxe5
11. Qe4 Nxd3 12. Qxd3 c6 13. Ne4 Be7 14. Ng3 b5 15. b3 bxc4 16. Qxc4 Ba6 17. Qc3 Bf6 18. Qd2 Bxa1 19. Bb2 Bxf1 20. Bxa1 Ba6
21. Nh5 g6 22. Nf6+ Kh8 23. Nxd7+ Kg8 24. Nf6+ Kh8 25. Bd4 c5 26. Ng4+ Kg8 27. Nh6#
1-0

[Event "Autumn 2020"]
[Site "SchemingMind.com"]
[Date "2020.11.29"]
[Round "-"]
[White "maro"]
[Black "Brerrabbit"]
[Result "1-0"]
[WhiteCountry "MEX"]
[BlackCountry "SCO"]
[WhiteElo "1487"]
[WhiteRD "60"]
[BlackElo "1349"]
[BlackRD "94"]
[GameID "462534"]

1. d4 Nf6 2. c4 e5 3. dxe5 Ng4 4. e3 Nxe5 5. Nc3 Bb4 6. a3 Bxc3+ 7. bxc3 d6 8. Nf3 O-O 9. Bd3 b6 10. Be4 c6
11. a4 Nxc4 12. Qd3 d5 13. Bxh7+ Kh8 14. h4 f5 15. Ng5 Qe7 16. Rh3 Ne5 17. Qe2 f4 18. Qh5 Bxh3 19. Bf5+
1-0

[Event "Autumn 2020"]
[Site "SchemingMind.com"]
[Date "2020.11.29"]
[Round "-"]
[White "Goz"]
[Black "maro"]
[Result "1-0"]
[WhiteCountry "ENG"]
[BlackCountry "MEX"]
[WhiteElo "1521"]
[WhiteRD "66"]
[BlackElo "1432"]
[BlackRD "59"]
[GameID "462536"]

1. d4 Nf6 2. c4 e5 3. dxe5 Ne4 4. f3 Qh4+ 5. g3 Nxg3 6. hxg3 Qxh1 7. Nh3 Qh2 8. Bf4 Bc5 9. e3 Qxb2 10. Nd2 Qc3
11. Kf2 Nc6 12. Ng5 Nxe5 13. Nge4 Nd3+ 14. Bxd3 Qxd3 15. Nxc5 Qf5 16. Nce4 d5 17. cxd5 Qh3 18. Qg1 Bf5 19. Ng5 Qh6 20. Nxf7 Kxf7
21. Bxh6 gxh6 22. Qh2 Rhg8 23. Qxh6 Rad8 24. e4 Bd7 25. Qxh7+ Rg7 26. Qh5+ Kf8 27. g4 Be8 28. Qh6 Rd6 29. Qe3 b6 30. Rh1 Ke7
31. Qd4 Kf7 32. e5 Rd8 33. e6+ Ke7 34. Qxg7+ Kd6 35. Qd4 c6 36. dxc6+ Kc7 37. Rh7+ Kc8 38. Qc3 Bg6 39. Rxa7
1-0

[Event "Autumn 2020"]
[Site "SchemingMind.com"]
[Date "2020.11.28"]
[Round "-"]
[White "maro"]
[Black "Chessibelle"]
[Result "1-0"]
[WhiteCountry "MEX"]
[BlackCountry "ENG"]
[WhiteElo "1487"]
[WhiteRD "60"]
[BlackElo "1133"]
[BlackRD "61"]
[GameID "462537"]

1. d4 Nf6 2. c4 e5 3. dxe5 Ne4 4. Qd4 Nc5 5. Nf3 Nc6 6. Qe3 Ne6 7. g3 h6 8. Bg2 Bc5 9. Qb3 O-O 10. O-O b6
11. Be3 Be7 12. Nc3 d6 13. Nd5 Na5 14. Qc3 g5 15. exd6 f6 16. dxe7 Qe8 17. exf8=Q+ Qxf8 18. Nxf6+ Kf7 19. Nh7 Qe7 20. Ne5+ Kg8
21. Bxa8 Qxh7 22. Ng4 Kf7 23. Bd5 Qf5 24. Nxh6+
1-0

[Event "Autumn 2020"]
[Site "SchemingMind.com"]
[Date "2020.11.29"]
[Round "-"]
[White "Daniel Dubé"]
[Black "maro"]
[Result "1-0"]
[WhiteCountry "CAN"]
[BlackCountry "MEX"]
[WhiteElo "1705"]
[WhiteRD "86"]
[BlackElo "1487"]
[BlackRD "60"]
[GameID "462538"]

1. d4 Nf6 2. c4 e5 3. dxe5 Ne4 4. Nd2 Qh4 5. g3 Nxg3 6. fxg3 Qd4 7. Ngf3 Qc5 8. Bg2 Nc6 9. a3 d6 10. Qc2 dxe5
11. Ne4 Nd4 12. Nxd4 Qxd4 13. e3 Qb6 14. O-O Bc5 15. Nxc5 Qxc5 16. b4 Qb6 17. c5 Qh6 18. e4 Qg6 19. Bb2 f6 20. Qc4 Bd7
21. b5 a6 22. c6 Bc8 23. a4 bxc6 24. Qxc6+ Bd7 25. Qxa8+
1-0

[Event "Autumn 2020"]
[Site "SchemingMind.com"]
[Date "2020.11.28"]
[Round "-"]
[White "Phillip Beckett"]
[Black "maro"]
[Result "1-0"]
[WhiteCountry "ENG"]
[BlackCountry "MEX"]
[WhiteElo "1451"]
[WhiteRD "50"]
[BlackElo "1487"]
[BlackRD "60"]
[GameID "462539"]

1. d4 Nf6 2. c4 e5 3. dxe5 Nh5 4. e4 g6 5. Nf3 Be7 6. Be2 O-O 7. O-O d6 8. exd6 Bxd6 9. e5 Bxe5 10. Qxd8 Rxd8
11. Nxe5 Be6 12. b3 Nc6 13. Bg5 f6 14. Bxh5 fxg5 15. Nxc6 bxc6 16. Bf3 Rd6 17. Nc3 Rd3 18. Rfe1 Re8 19. Ne4 Bf5 20. Ng3 Rxe1+
21. Rxe1 Kf7 22. Nxf5 gxf5 23. h3 Kf6 24. Rd1 Rxd1+ 25. Bxd1 Kg6 26. Bf3 h5 27. Bxc6 h4 28. g3 hxg3 29. fxg3
1-0

[Event "Autumn 2020"]
[Site "SchemingMind.com"]
[Date "2020.11.30"]
[Round "-"]
[White "maro"]
[Black "CarlosGil"]
[Result "1-0"]
[WhiteCountry "MEX"]
[BlackCountry "MEX"]
[WhiteElo "1487"]
[WhiteRD "60"]
[BlackElo "1344"]
[BlackRD "110"]
[GameID "462570"]

1. d4 Nf6 2. c4 e5 3. dxe5 Ng8 4. Nf3 f6 5. Nc3 d6 6. exf6 Nxf6 7. Bg5 h6 8. Bxf6 Qxf6 9. Nd5 Qf7 10. Qa4+ Nc6
11. Nd4
1-0